Liga MX Team Logos - Statistics

General Stats
  • This quiz has been taken 232 times
  • The average score is 16 of 18
Answer Stats
Picture Answer % Correct
América
98%
Chivas de Guadalajara
98%
Cruz Azul
97%
Pumas UNAM
97%
Monterrey
96%
Tigres UANL
96%
Tijuana
94%
Pachuca
92%
Atlas
89%
Santos Laguna
89%
León
88%
Toluca
88%
Puebla
87%
Querétaro
85%
Juárez
84%
Atlético San Luis
83%
Mazatlán
83%
Necaxa
83%
No matching quizzes found
Score Distribution
Percent of People with Each Score
Percentile by Number Answered
Your Score History
You have not taken this quiz